តើអ្នកណាជាគ្រូបង្រៀនខ្ញុំពេលចូលរៀនវិញ / (Record no. 8850)

MARC details
000 -LEADER
fixed length control field 01430nam a22002657a 4500
001 - CONTROL NUMBER
control field 8850
003 - CONTROL NUMBER IDENTIFIER
control field FISKH
005 - DATE AND TIME OF LATEST TRANSACTION
control field 20260422160622.0
008 - FIXED-LENGTH DATA ELEMENTS--GENERAL INFORMATION
fixed length control field 251023b cb ||||| |||| 00| 0 eng d
040 ## - CATALOGING SOURCE
Original cataloging agency FISKH
Language of cataloging khr
Transcribing agency FISKH
Modifying agency FISKH
082 ## - DEWEY DECIMAL CLASSIFICATION NUMBER
Classification number 372.21
100 ## - MAIN ENTRY--PERSONAL NAME
Personal name Montenegro, Salvacion C.
245 ## - TITLE STATEMENT
Title តើអ្នកណាជាគ្រូបង្រៀនខ្ញុំពេលចូលរៀនវិញ /
Statement of responsibility, etc. By Salvacion C. Montenegro
260 ## - PUBLICATION, DISTRIBUTION, ETC.
Date of publication, distribution, etc. 2020.
300 ## - PHYSICAL DESCRIPTION
Extent 8 pages :
Other physical details color illustrations ;
Dimensions 30 cm .
505 ## - FORMATTED CONTENTS NOTE
Formatted contents note J <br/>
520 ## - SUMMARY, ETC.
Summary, etc. កុមារនៅក្នុងរឿងនេះមានការឆ្ងល់ថា តើនរណានឹងជាគ្រូបង្រៀនគាត់ នៅពេលដែលគាត់ត្រលប់ទៅសាលាវិញ បន្ទាប់ពីការរីករាលដាលនៃជំងឺកូវីដបានចប់។
520 ## - SUMMARY, ETC.
Summary, etc. The children in this story wonders who will teach him when he returns to school after COVIDS has ended .
521 8# - TARGET AUDIENCE NOTE
Target audience note 480 <br/>
Source Lexile estimate <br/>
521 8# - TARGET AUDIENCE NOTE
Target audience note J <br/>
Source Raz-Plus <br/>
650 ## - SUBJECT ADDED ENTRY--TOPICAL TERM
Topical term or geographic name entry element តើអ្នកណាជាគ្រូបង្រៀនខ្ញុំពេលចូលរៀនវិញ ?
Form subdivision រឿងនិទានកុមារ
650 ## - SUBJECT ADDED ENTRY--TOPICAL TERM
Form subdivision Who will be my teacher when I return to school?
Source of heading or term Children's Stories
942 ## - ADDED ENTRY ELEMENTS (KOHA)
Source of classification or shelving scheme Dewey Decimal Classification
Koha item type Khmer Books
Suppress in OPAC No
Holdings
Withdrawn status Lost status Source of classification or shelving scheme Damaged status Not for loan Collection Home library Current library Shelving location Date acquired Total Checkouts Full call number Barcode Date last seen Price effective from Koha item type
    Dewey Decimal Classification     Khmer Language Books / សៀវភៅភាសាខ្មែរ Footprints International School Library Network Toul Tom Poung Campus Footprints International School Library Network Toul Tom Poung Campus TTP Primary Khmer Bookshelves 10/23/2025   MON 372.21 2025-4713 10/23/2025 10/23/2025 Khmer Books